[Event "Warsaw YMCA Autumn-D 223rd"]
[Site "Warsaw"]
[Date "2019.10.29"]
[Round "7"]
[White "Flig, Wojciech"]
[Black "Piechocki, Grzegorz"]
[Result "1-0"]
[WhiteElo "1321"]
[BlackElo "1044"]
[PlyCount "85"]
[EventDate "2019.09.19"]
[EventType "tourn"]
[EventRounds "13"]
[EventCountry "POL"]
[SourceTitle "CBM 195 Extra"]
[Source "ChessBase"]
[SourceDate "2020.05.31"]
[SourceVersion "1"]
[SourceVersionDate "2020.05.31"]
[SourceQuality "1"]

1. e4 e6 2. d4 d5 3. exd5 exd5 4. Nf3 Bd6 5. Nc3 c6 6. Bd3 Nf6 7. Qe2+ Qe7 8. Qxe7+ Bxe7 9. Bf4 0-0 10. 0-0-0 Bg4 11. Rde1 Bb4 12. Ne5 Be6 13. a3 Ba5 14. b4 Bc7 15. h3 Nbd7 16. Bh2 Nxe5 17. dxe5 Nd7 18. f4 Nb6 19. Ne2 f5 20. Nd4 Rae8 21. Nb3 Nd7 22. Bg1 a6 23. Bc5 Nxc5 24. Nxc5 Bc8 25. Rhf1 b6 26. Nb3 a5 27. Rf3 axb4 28. axb4 Be6 29. Nd4 c5 30. bxc5 bxc5 31. Nxe6 Rxe6 32. g4 c4 33. Bxf5 Ra6 34. Kd2 Ba5+ 35. c3 d4 36. Kc2 Bxc3 37. Rxc3 dxc3 38. Kxc3 g6 39. Bd7 Rxf4 40. e6 Ra3+ 41. Kb4 Rb3+ 42. Kc5 Kf8 43. e7+ 1-0

[Event "Warsaw YMCA Autumn-D 223rd"]
[Site "Warsaw"]
[Date "2019.10.01"]
[Round "3"]
[White "Sarnecki, Rafal"]
[Black "Piechocki, Grzegorz"]
[Result "1-0"]
[WhiteElo "1286"]
[BlackElo "1044"]
[PlyCount "100"]
[EventDate "2019.09.19"]
[EventType "tourn"]
[EventRounds "13"]
[EventCountry "POL"]
[SourceTitle "CBM 195 Extra"]
[Source "ChessBase"]
[SourceDate "2020.05.31"]
[SourceVersion "1"]
[SourceVersionDate "2020.05.31"]
[SourceQuality "1"]

1. d4 d5 2. Nf3 Nf6 3. Bf4 Bf5 4. e3 e6 5. c3 c5 6. Bxb8 Rxb8 7. Qa4+ Nd7 8. Bb5 a6 9. Bxd7+ Qxd7 10. Qxd7+ Kxd7 11. Ne5+ Ke8 12. Nd2 f6 13. Nef3 Bd6 14. dxc5 Bxc5 15. Nd4 Bxd4 16. exd4 Kf7 17. 0-0 b5 18. a3 a5 19. Nf3 g5 20. h3 b4 21. g4 Bg6 22. axb4 axb4 23. Ra7+ Kg8 24. Rfa1 bxc3 25. bxc3 Rb1+ 26. Rxb1 Bxb1 27. Nd2 Bg6 28. Nb3 Bf7 29. Nc5 h5 30. Kg2 hxg4 31. hxg4 Rh4 32. f3 f5 33. Nd7 Kh8 34. Ne5 Rh7 35. gxf5 exf5 36. Ra8+ Kg7 37. Nxf7 Kxf7 38. Ra5 Ke6 39. Ra6+ Kf7 40. Rd6 Rh8 41. Rxd5 Ke6 42. Re5+ Kf6 43. Rc5 Rd8 44. d5 Ke5 45. c4 Kd4 46. Rc6 Ke5 47. Kf2 g4 48. Kg3 gxf3 49. Kxf3 f4 50. Re6+ Kf5 1-0